<?xml version="1.0" encoding="UTF-8"?>
<collection xmlns="http://www.loc.gov/MARC21/slim">
<record>
  <controlfield tag="001">170536</controlfield>
  <controlfield tag="005">20260429150227.0</controlfield>
  <datafield tag="037" ind1=" " ind2=" ">
    <subfield code="a">TAZ-TFM-2026-017</subfield>
  </datafield>
  <datafield tag="041" ind1=" " ind2=" ">
    <subfield code="a">spa</subfield>
  </datafield>
  <datafield tag="100" ind1="1" ind2=" ">
    <subfield code="a">Dean Casado, Daniel</subfield>
  </datafield>
  <datafield tag="242" ind1="0" ind2="0">
    <subfield code="a">Comparative study on the sizing of combustible dust vent panels in process equipment according to EN 14491 and NFPA 68 standards</subfield>
  </datafield>
  <datafield tag="245" ind1="0" ind2="0">
    <subfield code="a">Estudio comparativo del dimensionamiento de paneles de venteo de explosión de polvo combustible en equipos de proceso atendiendo a las normas EN 14491 y NFPA 68</subfield>
  </datafield>
  <datafield tag="260" ind1=" " ind2=" ">
    <subfield code="a">Zaragoza</subfield>
    <subfield code="b">Universidad de Zaragoza</subfield>
    <subfield code="c">2026</subfield>
  </datafield>
  <datafield tag="500" ind1=" " ind2=" ">
    <subfield code="a">Con la colaboración de la empresa DEKRA</subfield>
  </datafield>
  <datafield tag="506" ind1=" " ind2=" ">
    <subfield code="a">by-nc-sa</subfield>
    <subfield code="b">Creative Commons</subfield>
    <subfield code="c">3.0</subfield>
    <subfield code="u">http://creativecommons.org/licenses/by-nc-sa/3.0/</subfield>
  </datafield>
  <datafield tag="520" ind1=" " ind2=" ">
    <subfield code="a">Las explosiones de polvo representan un riesgo significativo en industrias que manejan sólidos combustibles. Aunque menos intuitivas que las explosiones de líquidos o gases, estas explosiones han causado accidentes graves desde el siglo XVIII, motivando el desarrollo de normas y estrategias de prevención y protección. El presente trabajo se centra en el dimensionamiento de paneles de venteo de explosión para equipos industriales críticos, como silos, filtros de mangas y elevadores de cangilones, atendiendo a la norma europea EN 14491:2012 y a la estadounidense NFPA 68 (2023). Se comparan las áreas de venteo calculadas para diferentes geometrías de silos y filtros de mangas, considerando la influencia de parámetros clave como la relación altura-diámetro (L/D), la presión reducida máxima de explosión (Pred.máx) y las propiedades del polvo (KSt y Pmáx). Los resultados muestran que, en general, la EN 14491 produce áreas de venteo mayores, reflejando un enfoque más conservador, mientras que la NFPA 68 permite ajustes más finos a las condiciones específicas del equipo.&lt;br /></subfield>
  </datafield>
  <datafield tag="521" ind1=" " ind2=" ">
    <subfield code="a">Máster Universitario en Ingeniería Química</subfield>
  </datafield>
  <datafield tag="540" ind1=" " ind2=" ">
    <subfield code="a">Derechos regulados por licencia Creative Commons</subfield>
  </datafield>
  <datafield tag="856" ind1="0" ind2=" ">
    <subfield code="f">800445@unizar.es</subfield>
  </datafield>
  <datafield tag="856" ind1="4" ind2=" ">
    <subfield code="s">7721920</subfield>
    <subfield code="u">http://zaguan.unizar.es/record/170536/files/TAZ-TFM-2026-017.pdf</subfield>
    <subfield code="y">Memoria (spa)</subfield>
  </datafield>
  <datafield tag="909" ind1="C" ind2="O">
    <subfield code="o">oai:zaguan.unizar.es:170536</subfield>
    <subfield code="p">driver</subfield>
    <subfield code="p">trabajos-fin-master</subfield>
  </datafield>
  <datafield tag="950" ind1=" " ind2=" ">
    <subfield code="a"></subfield>
  </datafield>
  <datafield tag="691" ind1=" " ind2=" ">
    <subfield code="a">7 9</subfield>
  </datafield>
  <datafield tag="692" ind1=" " ind2=" ">
    <subfield code="a">Contribución a la seguridad en las industrias de procesos</subfield>
  </datafield>
  <datafield tag="700" ind1=" " ind2=" ">
    <subfield code="a">Lacambra Abós, Javier</subfield>
    <subfield code="e">dir.</subfield>
  </datafield>
  <datafield tag="710" ind1="2" ind2=" ">
    <subfield code="a">Universidad de Zaragoza</subfield>
    <subfield code="b">Ingeniería Química y Tecnologías del Medio Ambiente</subfield>
    <subfield code="c">Ingeniería Química</subfield>
  </datafield>
  <datafield tag="720" ind1="2" ind2=" ">
    <subfield code="a">Peña Llorente, José Ángel</subfield>
    <subfield code="e">ponente</subfield>
  </datafield>
  <datafield tag="980" ind1=" " ind2=" ">
    <subfield code="a">TAZ</subfield>
    <subfield code="b">TFM</subfield>
    <subfield code="c">EINA</subfield>
  </datafield>
  <datafield tag="999" ind1=" " ind2=" ">
    <subfield code="a">20260124000149.CREATION_DATE</subfield>
  </datafield>
  <datafield tag="951" ind1=" " ind2=" ">
    <subfield code="a">deposita:2026-04-29</subfield>
  </datafield>
</record>
</collection>